[Event "Motiva Online Blitz (Women)"]
[Site "Chess.com INT"]
[Date "2021.12.18"]
[Round "1"]
[White "Bhakti, Kulkarni"]
[Black "Provine, Shayna"]
[Result "1-0"]
[WhiteElo "2388"]
[BlackElo "1621"]
[PlyCount "95"]
[EventDate "2021.12.18"]
[EventType "swiss (blitz)"]
[EventRounds "13"]
[EventCountry "USA"]
[SourceTitle "CBM 205 Extra"]
[Source "ChessBase"]
[SourceDate "2022.01.31"]
[SourceVersion "1"]
[SourceVersionDate "2022.01.31"]
[SourceQuality "1"]

1. d4 Nf6 2. Nf3 e6 3. Bf4 b6 4. e3 Bb7 5. Bd3 Be7 6. 0-0 d5 7. Nbd2 0-0 8. Ne5 c5 9. c3 Nbd7 10. Bg3 a5 11. Qe2 Qc8 12. f4 Ba6 13. f5 exf5 14. Nxd7 Qxd7 15. Bxa6 c4 16. Bxc4 dxc4 17. Nxc4 Qe6 18. Bh4 b5 19. Ne5 b4 20. c4 Bd6 21. Bxf6 Qxf6 22. Nd7 Qh6 23. g3 Rfe8 24. Rae1 Rad8 25. c5 Rxd7 26. cxd6 Qxd6 27. Rxf5 Qe6 28. Re5 Qxe5 29. dxe5 Rxe5 30. Rd1 Rde7 31. Rd8+ Re8 32. Rxe8+ Rxe8 33. Qb5 Ra8 34. Qd5 Rc8 35. Qxa5 Rc1+ 36. Kf2 Rc2+ 37. Kf3 g6 38. Qxb4 Rxh2 39. a4 Rh1 40. a5 Rf1+ 41. Kg2 Rc1 42. a6 Rc2+ 43. Kf3 Rc8 44. a7 Ra8 45. Qb7 Re8 46. a8Q Rxa8 47. Qxa8+ Kg7 48. b4 1-0

[Event "Motiva Online Blitz (Women)"]
[Site "Chess.com INT"]
[Date "2021.12.18"]
[Round "7"]
[White "Bokhonok, Tatiana dos Santos"]
[Black "Provine, Shayna"]
[Result "1-0"]
[WhiteElo "1359"]
[BlackElo "1621"]
[PlyCount "63"]
[EventDate "2021.12.18"]
[EventType "swiss (blitz)"]
[EventRounds "13"]
[EventCountry "USA"]
[SourceTitle "CBM 205 Extra"]
[Source "ChessBase"]
[SourceDate "2022.01.31"]
[SourceVersion "1"]
[SourceVersionDate "2022.01.31"]
[SourceQuality "1"]

1. d4 Nf6 2. Bf4 e6 3. e3 b6 4. c4 Bb7 5. Nc3 Be7 6. Nf3 d5 7. Be2 0-0 8. 0-0 c5 9. cxd5 exd5 10. Qb3 Nh5 11. Be5 Nd7 12. Nb5 Nxe5 13. Nxe5 Nf6 14. Rfc1 c4 15. Qc2 a6 16. Nc3 b5 17. Bf3 b4 18. Ne2 Ne4 19. Nxc4 Rc8 20. Qb1 Nxf2 21. Kxf2 dxc4 22. Bxb7 Rc7 23. Bf3 Bh4+ 24. Kg1 Qg5 25. Qe4 Re7 26. Qf4 Rxe3 27. Qxg5 Bxg5 28. Rxc4 Rfe8 29. Rxb4 g6 30. Nc3 Be7 31. Rb6 Bg5 32. Ne4 1-0

[Event "North American-ch U10 Girls"]
[Site "Montreal"]
[Date "2010.08.17"]
[Round "4"]
[White "Wang, Kelly"]
[Black "Provine, Shayna"]
[Result "1-0"]
[WhiteElo "1507"]
[BlackElo "1449"]
[PlyCount "135"]
[EventDate "2010.08.16"]
[EventType "swiss"]
[EventRounds "7"]
[EventCountry "CAN"]
[SourceTitle "EXT 2013"]
[Source "ChessBase"]
[SourceDate "2012.11.22"]
[SourceVersion "1"]
[SourceVersionDate "2012.11.22"]
[SourceQuality "1"]

1. e4 c5 2. Nf3 d6 3. d4 cxd4 4. Nxd4 Nf6 5. Nc3 a6 6. Be2 e5 7. Nb3 Be6 8. 0-0 Be7 9. Be3 Nc6 10. f3 0-0 11. a4 d5 12. exd5 Nxd5 13. Nxd5 Bxd5 14. c3 f5 15. Qc2 Qe8 16. Rfd1 Rd8 17. Rxd5 Rxd5 18. Bc4 Qf7 19. Bxd5 Qxd5 20. Rd1 Qe6 21. Bc5 f4 22. Bxe7 Qxe7 23. Qe4 Rd8 24. Qc4+ Kh8 25. Rd5 Qh4 26. Rxd8+ Qxd8 27. Nc5 Qb6 28. b4 h6 29. Kf1 Qc7 30. Ne4 Qd7 31. Ke2 Ne7 32. Nc5 Qc7 33. Qd3 Nc6 34. Qd7 Qxd7 35. Nxd7 Kg8 36. Nc5 Nd8 37. Kd3 Kf7 38. Ke4 Kf6 39. Nd7+ Kg5 40. Nxe5 Ne6 41. Nd3 b6 42. Ke5 Nf8 43. Nxf4 Nd7+ 44. Kd6 Kxf4 45. Kxd7 Ke3 46. b5 axb5 47. axb5 Kf2 48. Kc6 Kxg2 49. Kxb6 Kxh2 50. Kc6 h5 51. b6 h4 52. b7 h3 53. b8Q+ Kg1 54. Qg3+ Kf1 55. Qxh3+ Kf2 56. Kd5 Ke3 57. c4 Kf4 58. Qg4+ Ke3 59. c5 Ke2 60. c6 Ke3 61. c7 Ke2 62. c8Q Ke3 63. Qc3+ Kf2 64. Qgd4+ Kg3 65. Qe1+ Kxf3 66. Qdf2+ Kg4 67. Qeg1+ Kh5 68. Qfh2# 1-0